Daya Enna Penkutty_Malayalam (Record no. 38097)
[ view plain ]
| 000 -LEADER | |
|---|---|
| fixed length control field | 01532nam a22001937a 4500 |
| 020 ## - INTERNATIONAL STANDARD BOOK NUMBER | |
| ISBN | 9788126421367 |
| 082 ## - DEWEY DECIMAL CLASSIFICATION NUMBER | |
| Classification number | 920 VAS |
| 100 ## - MAIN ENTRY--AUTHOR NAME | |
| Personal name | Vasudevan Nair M T |
| 245 ## - TITLE STATEMENT | |
| Title | Daya Enna Penkutty_Malayalam |
| 250 ## - EDITION STATEMENT | |
| Edition statement | 1 |
| 260 ## - PUBLICATION, DISTRIBUTION, ETC. (IMPRINT) | |
| Name of publisher | DC Books |
| Place of publication | Kottayam |
| Year of publication | 2025 |
| 300 ## - PHYSICAL DESCRIPTION | |
| Number of Pages | Number of pages : 72 |
| 500 ## - GENERAL NOTE | |
| General note | Category : Children's Literature |
| 520 ## - SUMMARY, ETC. | |
| Summary, etc | เดเดฐเตเดฏเตเด เดตเดฟเดธเตเดฎเดฏเดฟเดชเตเดชเดฟเดเตเดเตเดจเตเดจ เดฌเตเดฆเตเดงเดฟเดตเตเดญเดตเดฎเตเดณเตเดณเดตเดณเดพเดฃเต เดธเตเดฎเตเดฑเตเดฆเต. เด เดตเดณเต เดเดฒเตเดฒเดพเดตเดฐเตเด เดฆเดฏ เดเดจเตเดจเต เดตเดฟเดณเดฟเดเตเดเต. เดธเตผเดตเดธเตเดตเดคเตเดคเตเด เดจเดทเตเดเดชเตเดชเตเดเตเด เดคเดจเตเดฑเต เดฏเดเดฎเดพเดจเดจเต เดเดฒเตเดฒเดพเดตเดฐเตเด เดเดชเตเดเตเดทเดฟเดเตเดเดชเตเดชเตเดดเตเด เด เดตเตพ เด เดฏเดพเดณเตเดเตเดชเตเดชเด เดจเดฟเดจเตเดจเต. เด เดฏเดพเดณเต เดฐเดเตเดทเดฟเดเตเดเดพเดจเตเดฑเดเตเดเต. เดชเดเตเดทเต, เดชเตเดฐเดคเตเดเตเดทเดฟเดเตเดเดชเตเดฒเดฒเตเดฒ เด เดตเดฐเตเดเต เดเตเดตเดฟเดคเด เดจเตเดเตเดเดฟเดฏเดคเต. เด เดคเต เดตเดดเดฟเดฎเดพเดฑเดฟเดฏเดคเต เด เดคเตเดญเตเดคเดเดฐเดฎเดพเดฏ เดฎเดฑเตเดฑเตเดฐเต เดฒเตเดเดคเตเดคเตเดเตเดเดพเดฏเดฟเดฐเตเดจเตเดจเต! เดฎเดฒเดฏเดพเดณเดคเตเดคเดฟเดจเตเดฑเต เดชเตเดฐเดฟเดฏเดเดฅเดพเดเดพเดฐเตป เดเด. เดเดฟ. เดตเดพเดธเตเดฆเตเดตเตปเดจเดพเดฏเตผ เดเตเดเตเดเดฟเดเตพเดเตเดเดพเดฏเดฟ เดเดดเตเดคเดฟเดฏ เดจเตเดตเตฝ. |
| 546 ## - LANGUAGE NOTE | |
| Language note | Language : Malayalam |
| 650 ## - SUBJECT ADDED ENTRY--TOPICAL TERM | |
| Topical Term | GEN |
| 942 ## - ADDED ENTRY ELEMENTS (KOHA) | |
| Koha item type | Text Book |
| 952 ## - LOCATION AND ITEM INFORMATION (KOHA) | |
| Damaged status | |
| Not for loan | |
| Withdrawn status | Collection code | Permanent Location | Current Location | Date acquired | Source of acquisition | Cost, normal purchase price | Inventory number | Full call number | Accession Number | Price effective from | Koha item type |
|---|---|---|---|---|---|---|---|---|---|---|---|
| GENERAL | VAST Central Library | VAST Central Library | 25/11/2025 | DC Bookshop,Thrissur | 150.00 | 000729 | 920 VAS | 38236 | 18/12/2025 | Text Book |